Gesù Cristo Re (Record n. 37949)

Dettagli MARC
000 -LEADER
fixed length control field 01974nam a22001817a 4500
003 - CONTROL NUMBER IDENTIFIER
control field IT-RoPau
005 - DATE AND TIME OF LATEST TRANSACTION
control field 20220918175940.0
008 - FIXED-LENGTH DATA ELEMENTS--GENERAL INFORMATION
fixed length control field 130202b xxu||||| |||| 00| 0 eng d
040 ## - CATALOGING SOURCE
Transcribing agency IT-RoPau
100 ## - MAIN ENTRY--PERSONAL NAME
Personal name Chiesa, Francesco
9 (RLIN) 338
245 ## - TITLE STATEMENT
Title Gesù Cristo Re
250 ## - EDITION STATEMENT
Edition statement I
260 ## - PUBLICATION, DISTRIBUTION, ETC. (IMPRINT)
Place of publication, distribution, etc. Alba
Name of publisher, distributor, etc. PSSP
Date of publication, distribution, etc. 1926
300 ## - PHYSICAL DESCRIPTION
Extent 323 p.
Dimensions 23 x 22 cm
490 ## - SERIES STATEMENT
Volume/sequential designation I
520 ## - SUMMARY, ETC.
Summary, etc. Indice<br/>Prefazione<br/>Enciclica <<quas primas>><br/>I. Introduzione<br/>II. Regalità di Gesù Cristo <br/>III. Festività della Regalità di G.C.<br/><br/>Lettura I. Il vero Re<br/> >> II. La regalità di Gesù nella Bibbia dell' A.T.<br/> >> III. Cristo Re nel N. Testamento<br/> >> IV. Cristo Re nella Santa Liturgia<br/> >> V. Fondamenti della Regalità di Gesù Cristo<br/> >> VI. Natura del Regno di Gesù Cristo<br/> >> VII. Territorio del Regno di G. C. <<la mente>> <br/> >> VIII. Territori del Regno di G.C. <<il cuore>><br/> >> IX. Territorio del Regno di Gesù Cristo >>la volonta>><br/> >> X. Il Manto Regale - Gesù Re dei secoli<br/> >> XI. Il Manto Regale - Universalità del Regno<br/> >> XII. La Corona Regale di Cristo Re <<L' universo>><br/> >> XIII. Lo scettro Regale di Cristo Re<br/> >> XIV. Il Trono Regale di Cristo Re<br/> >> XV. La corte di Cristo Re<br/> >> XVI. Il Genio di Cristo Re<br/> >> XVII. Il Regno di Gesù Cristo<br/> >> XVIII. La forma generale del Regno di Gesù Cristo<br/> >> XIX. La forma di governo del Regno di Gesù Cristo<br/> >> XXI. Estensione del Regno visibile di G. Cristo<br/> >> XXII. G. C. Re delle nazioni<br/> >> XXIII. Gesù Re delle famiglie<br/> >> XXIV. Il Regno di Gesù Cristo in noi<br/> >> XXV. Il Regno di Gesù Cristo nella mente<br/> >> XXVI. Il Regno di Gesù Cristo nella volontà<br/> >> XXVII. Il Regno di Gesù Cristo nei cuori<br/> >>XXVIII. Il Regno di Gesù Cristo nel nostro corpo<br/> >> XXIX. La festività di Gesù Cristo Re<br/> >> XXX. La Liturgia della festa di G.C. Re<br/> >> XXXI. Consecrazione a Gesù Cristo Re<br/><br/>
942 ## - ADDED ENTRY ELEMENTS (KOHA)
Source of classification or shelving scheme Dewey Decimal Classification
Koha item type LIBRO
Dati di copia
Withdrawn status Lost status Source of classification or shelving scheme Damaged status Not for loan Home library Current library Date acquired Total Checkouts Full call number Date last seen Price effective from Koha item type
    Dewey Decimal Classification Buone Condizioni Not For Loan PAULUS-BIBLIOTECA PAULUS-BIBLIOTECA 02/02/2013   P B5 02/02/2013 02/02/2013 LIBRO
CREDITS: SOCIETA' SAN PAOLO Via A.Severo, 58 - ROMA (RM) & PERIODICI SAN PAOLO SRL Via Giotto, 36 MILANO & CISF Via Giotto, 36 MILANO & EDIZIONI SAN PAOLO SRL,  Piazza Soncino, 5 CINISELLO BALSAMO (MI) -- ITALY